000 00694 a2200217 4500
001 61144
005 20260407155902.0
008 260407a1985 arg spa d
003 AR-UNSa-BCEJYS
040 _aAR-UNSa-BCEJYS
_bspa
_cAR-UNSa-BCEJYS
080 _a336.2
_xIngresos públicos (Derecho tributario)
245 1 0 _aPresunciones y ficciones en el derecho tributario
_pDoctrina, legislación y jurisprudencia
020 _a978-950-14-0294-0
264 1 _aBuenos Aires :
_bEdiciones Depalma
_c1985
300 _axvii, 161 p.
_c23 cm.
041 _aspa
942 _cBK
590 _aniveau_biblio:m niveau_hierar:0
100 1 _aNavarrine, Susana Camila
700 1 _aAsorey, Rubén Oscar
999 _c7246
_d7246